Word Ladder: Food and Drink Quiz Stats

 Plays Quiz Updated Apr 26, 2016

Challenge
Share
Tweet
Embed
Score 0/30 Timer 03:00
3 Plays Today
Hint 4-Letter Word % Correct
• Dessert often consumed on birthdays •• CAKE •
99.6%
Landlocked body of waterLAKE
96.9%
• Green citrus fruit •• LIME •
96.4%
Parasites found in hairLICE
96.1%
Running competitionRACE
95.3%
Lion's callROAR
94.5%
• Crop grown in paddy fields •• RICE •
94.2%
• Chicken noodle, gazpacho, or French onion, e.g. •• SOUP •
93.1%
• Fruit related to the apple •• PEAR •
92.5%
With 'opera', a daytime TV dramaSOAP
91.8%
Fly through the airSOAR
91.1%
• Food found on the cob •• CORN •
91%
Infrequent or scarceRARE
91%
• Hop-flavored malt beverage •• BEER •
90.6%
Hind endREAR
90.2%
Hint 4-Letter Word % Correct
Center of Earth or an appleCORE
90.1%
Penny, nickel, or dime, e.g.COIN
89.8%
• Kidney, navy, or green, e.g. •• BEAN •
89.3%
Containing little fatLEAN
88.2%
• Pig meat •• PORK •
88.1%
Person of similar social statusPEER
87.7%
Ursine animalBEAR
86.9%
Overthrow of a government: ____ d'étatCOUP
86.2%
Shiny metallic fabricLAMÉ
85.6%
To give temporarilyLOAN
85.2%
Cut of meatLOIN
84.7%
Skin openingPORE
83.7%
To look after something, with 'for'CARE
82.5%
• Freshwater fish OR to complain •• CARP •
79.4%
Independent legal entity (abbr.)CORP.
76.7%

Today's Daily Dose

Missing Word
TV HA - HZ

Word Ladder
Nordic Capital

On This Day
January 19th II

You're not logged in!

Compare scores with friends on all Sporcle quizzes.
OR
Log In

You Might Also Like...

Show Comments

Extras

Top Quizzes Today


Score Distribution

Your Account Isn't Verified!

In order to create a playlist on Sporcle, you need to verify the email address you used during registration. Go to your Sporcle Settings to finish the process.

Report this User

Report this user for behavior that violates our Community Guidelines.

Details: